000 00325nam a22000977a 4500
999 _c527106
_d527106
082 _aSNT BA27x5414 In2
100 _aGovernment of Orissa
_946905
245 _aFinancing right to education: A study in four tribal districts of Orissa
_bBy Government of Orissa
260 _aOrissa
_bGovernment of Orissa
_c2011
300 _a34p